<?xml version="1.0" encoding="UTF-8"?>
<record
    xmlns:xsi="http://www.w3.org/2001/XMLSchema-instance"
    xsi:schemaLocation="http://www.loc.gov/MARC21/slim http://www.loc.gov/standards/marcxml/schema/MARC21slim.xsd"
    xmlns="http://www.loc.gov/MARC21/slim">

  <leader>01306    a2200217   4500</leader>
  <controlfield tag="001">41380</controlfield>
  <controlfield tag="005">20260407155708.0</controlfield>
  <controlfield tag="008">260407a1960    arg                 spa d</controlfield>
  <controlfield tag="003">AR-UNSa-BCEJYS</controlfield>
  <datafield tag="040" ind1=" " ind2=" ">
    <subfield code="a">AR-UNSa-BCEJYS</subfield>
    <subfield code="b">spa</subfield>
    <subfield code="c">AR-UNSa-BCEJYS</subfield>
  </datafield>
  <datafield tag="080" ind1=" " ind2=" ">
    <subfield code="a">343.74</subfield>
    <subfield code="x">Apropiaci&#xF3;n indebida. Usurpaci&#xF3;n  </subfield>
  </datafield>
  <datafield tag="245" ind1="1" ind2="0">
    <subfield code="a">El delito de usurpaci&#xF3;n</subfield>
    <subfield code="p">doctrina, legislaci&#xF3;n y jurisprudencia</subfield>
  </datafield>
  <datafield tag="264" ind1=" " ind2="1">
    <subfield code="a">Buenos Aires :</subfield>
    <subfield code="b">Bibliogr&#xE1;fica Argentina</subfield>
    <subfield code="c">1960</subfield>
  </datafield>
  <datafield tag="300" ind1=" " ind2=" ">
    <subfield code="a">619 p.</subfield>
    <subfield code="c">23 cm.</subfield>
  </datafield>
  <datafield tag="505" ind1=" " ind2=" ">
    <subfield code="a">1. Objetividad jur&#xED;dica. Objeto material. Sujetos - 2. Teor&#xED;a de la esfera de custodia - 3. Despojo - 4. Violencia - 5. Enga&#xF1;o - 6. Abuso de confianza - 7. La clandestinidad y el delito de usurpaci&#xF3;n - 8. Despojo de la posesi&#xF3;n - 9. Despojo de la tenencia - 10. Despojo de la cuasiposesi&#xF3;n - 11. Antijuridicidad y causas de justificaci&#xF3;n - 12. El ejercicio de un derecho y el delito de usurpaci&#xF3;n - 13. La culpabilidad. Dolo. Error - 14. Consumaci&#xF3;n. Tentativa. Participaci&#xF3;n. Concurso. Penalidad - 15. Aspectos procesales - 16. Usurpaci&#xF3;n por destrucci&#xF3;n o alteraci&#xF3;n de t&#xE9;rminos - 17. Turbaci&#xF3;n de la posesi&#xF3;n - 18. Usurpaci&#xF3;n de aguas</subfield>
  </datafield>
  <datafield tag="041" ind1=" " ind2=" ">
    <subfield code="a">spa</subfield>
  </datafield>
  <datafield tag="942" ind1=" " ind2=" ">
    <subfield code="c">BK</subfield>
  </datafield>
  <datafield tag="590" ind1=" " ind2=" ">
    <subfield code="a">niveau_biblio:m niveau_hierar:0</subfield>
  </datafield>
  <datafield tag="100" ind1="1" ind2=" ">
    <subfield code="a">Rubianes, Carlos J.</subfield>
  </datafield>
  <datafield tag="700" ind1="1" ind2=" ">
    <subfield code="a">Rojas Pellerano, Hector F.</subfield>
  </datafield>
  <datafield tag="999" ind1=" " ind2=" ">
    <subfield code="c">3485</subfield>
    <subfield code="d">3485</subfield>
  </datafield>
  <datafield tag="952" ind1=" " ind2=" ">
    <subfield code="0">0</subfield>
    <subfield code="1">0</subfield>
    <subfield code="4">0</subfield>
    <subfield code="7">0</subfield>
    <subfield code="a">BCEJYS</subfield>
    <subfield code="b">BCEJYS</subfield>
    <subfield code="c">16</subfield>
    <subfield code="d">2026-04-07</subfield>
    <subfield code="l">0</subfield>
    <subfield code="o">343.74 R896</subfield>
    <subfield code="p">L119063</subfield>
    <subfield code="r">2026-04-07 15:57:08</subfield>
    <subfield code="w">2026-04-07</subfield>
    <subfield code="y">L</subfield>
  </datafield>
</record>
